Evaluación Ambiental de la Construcción Vial Alternativa del Tramo de 4 Kms : Campo de Golf Country Club al Poblado de Sabana Grande, Managua

Presenta la evaluación, del proyecto construcción vía alterna del tramo de 4 km, campo de Golf Country Club al poblado de Sabana Grande Managua, se desarrollara de acuerdo a la evaluación de impacto ambiental con énfasis a la Ley General del Medio Ambiental y los Recursos Natural Ley n. 217 y e...

Full description

Bibliographic Details
Main Authors: Palma Espinoza, Katya Velaska, AMBIENTE BIOTICO
Other Authors: Tutor: Ocampo Elvir, Gustavo Adolfo
Format: Tesis Section = Libro
Language:Undetermined
Spanish
Published: Managua UNI 2015
Subjects:
LEADER 01186nam a2200265Ia 4500
008 240830s9999 xx 000 0 und d
040 |a BIBLIOTECA-RUPAP T.Mon 333.7 P171 
041 |a spa 
082 |a T.Mon 333.7 P171 
100 1 |a Palma Espinoza, Katya Velaska 
100 1 |b AMBIENTE BIOTICO 
245 1 0 |a Evaluación Ambiental de la Construcción Vial Alternativa del Tramo de 4 Kms : Campo de Golf Country Club al Poblado de Sabana Grande, Managua 
260 |a Managua  |b UNI  |c 2015 
300 |a 95 p. :il. 
500 |a Contiene: anexos e Incluye: CD. 
502 |a Tesis (Ingeniero Civil)- UNI, 2015. 
520 3 |a Presenta la evaluación, del proyecto construcción vía alterna del tramo de 4 km, campo de Golf Country Club al poblado de Sabana Grande Managua, se desarrollara de acuerdo a la evaluación de impacto ambiental con énfasis a la Ley General del Medio Ambiental y los Recursos Natural Ley n. 217 y el sistema ambiental. 
650 7 |a IMPACTO AMBIENTAL 
650 7 |b MEDIDAS DE MITIGACION 
650 7 |c MEDIO FISICO 
650 7 |e EVALUACION AMBIENTAL 
700 1 |a Tutor:  |b Ocampo Elvir, Gustavo Adolfo 
942 |c BK  |2 ddc 
991 |a TESIS 
999 |c 18069